000 002640000a22000970004500
100 1 _aLöfstedt, Torsten
245 1 0 _aThe allegory of Hagar and Sarah : Gal 4.21-31
300 _avol. 58, núm 4 (2000), Páginas 475-494
773 0 _tEstudios Bíblicos
942 _cANA
999 _c50255
_d50255